[Event "ESP-ch sf1"]
[Site "Ayamonte"]
[Date "2002.10.10"]
[Round "2"]
[White "Shirov, Alexei"]
[Black "Herraiz Hidalgo, Herminio"]
[Result "1-0"]
[WhiteElo "2699"]
[BlackElo "2458"]
[Annotator "Finkel,A"]
[PlyCount "65"]
[EventDate "2002.10.09"]
[EventType "match"]
[EventRounds "2"]
[EventCountry "ESP"]
[SourceTitle "CBM 092"]
[Source "ChessBase"]
[SourceDate "2003.02.06"]
[SourceVersion "1"]
[SourceVersionDate "2003.02.06"]
[SourceQuality "1"]

1. e4 e6 2. d4 d5 3. Nc3 Nf6 4. Bg5 dxe4 5. Nxe4 Nbd7 6. Nf3 Be7 7. Nxf6+ Bxf6
8. h4 O-O (8... h6 9. Bxf6 Qxf6 10. Qd2 $14) 9. Bd3 (9. Qd2 e5 (9... Qe7 10.
O-O-O Rd8 11. Qe3 b6 12. Bd3 Bb7 13. Ne5 Rac8 14. Kb1 h6 15. f4 $36 {Weinzettl,
E-Rohler,S/Graz op 1994}) 10. Bxf6 (10. dxe5 Nxe5 11. Qxd8 (11. Nxe5 Qxd2+ 12.
Bxd2 Bxe5 $10) 11... Nxf3+ $10) (10. O-O-O e4 11. Bxf6 Nxf6 12. Ne5 Be6 13. Be2
(13. Kb1 c5 14. Bc4 Qd6 15. Bxe6 Qxe6 16. Qc3 Rac8 17. Qb3 Nd5 18. dxc5 Rxc5
$15 {Anand,V-Kortschnoj,V/Tilburg 1991}) (13. f3 $6 c5 14. fxe4 cxd4 15. Bd3 (
15. Qxd4 Qa5 $1 $17) 15... Bxa2 16. Nf3 Rc8 17. e5 Nd7 18. Qg5 Nc5 $17 {
Grabarczyk,B-Schmidt,W/POL-chT (Lubniewice) 1993}) 13... c5 14. dxc5 Qc7 15.
Qc3 Rac8 16. c6 bxc6 17. Ba6 $14 {Labunskiy,D-Pushkov,N/Vladivostok 1994})
10... Qxf6 11. O-O-O exd4 12. Qxd4 Qxd4 13. Rxd4 Re8 (13... Nf6 14. Bc4 a6 15.
Re1 b5 16. Bd5 Rb8 17. Bc6 $16 {Morovic Fernandez,I-Nogueiras,J/Capablanca
mem-A 1996}) 14. Bc4 Nb6 15. Re1 Bd7 16. Bb3 Rxe1+ 17. Nxe1 Kf8 18. Nd3 $14 {
Brodsky,M-Doroshkievich,V/Rostov op 1993}) (9. Bxf6 Qxf6 10. Qe2 $5 b6 11. Qe4
Rb8 12. Bd3 g6 13. Ne5 c5 14. Bb5 Nxe5 15. Qxe5 Qxe5+ 16. dxe5 Bb7 $11 {
Topalov,V-Anand,V/Monte Carlo 2000}) (9. Qe2 c5 $5 10. Qe3 Qa5+ 11. c3 cxd4 12.
Nxd4 Qe5 13. O-O-O Qxe3+ 14. Bxe3 a6 $5 15. g4 $5 Bd8 16. g5 Bc7 17. Be2 $14 {
Hernandez,G-Kortschnoj,V/Groningen 1997} (17. Bg2 $5)) 9... c5 10. Qe2 $5 {
Shirov has played this variation with black a few times so he is fully aware
of black's problems in this line!} (10. c3 cxd4 11. cxd4 e5 12. Qc2 h6 13. Bxf6
(13. O-O-O exd4 14. Kb1 Re8 15. Bh7+ Kh8 16. Rxd4 Qb6 17. Rf4 Qxb2+ $1 $13 {
Heinatz,T-Schmidt,W/BL2-O9798}) 13... Qxf6 14. Ng5 $2 exd4 15. Bc4 g6 16. Ne4
Qc6 17. O-O-O Ne5 18. Rxd4 Bf5 $17 {Pinkas,K-Schmidt,W/POL-ch 1993}) 10... cxd4
(10... Qb6 11. Qe4 g6 12. O-O-O Bxd4 $5 (12... cxd4 13. Bxf6 Nxf6 14. Qf4 $1
$36 (14. Qxd4 Qxd4 15. Nxd4 e5 $11)) 13. Nxd4 cxd4 14. h5 $40 {[%csl Rg8][%cal
Ge4h4]}) 11. O-O-O $5 {White is in no hurry to win back the pawn. meanwhile
finishing development of the pieces.} (11. Qe4 g6 12. O-O-O e5 (12... Qa5 $5
13. Bxf6 Nxf6 14. Qxd4 $14 {Kasparov,G-Shirov,A/Frankfurt 2000}) 13. Bxf6 Qxf6
14. Bb5 (14. h5 Qc6 15. hxg6 fxg6 16. Qh4 $40) 14... Rd8 15. Rhe1 a6 (15... Qb6
16. Bc4 Nc5 17. Qxe5 Be6 18. Bxe6 Nxe6 19. h5 d3 20. hxg6 hxg6 21. Rh1 Ng7 $13
{Kasparov,G-Anand,V/Kopavogur 2000}) 16. Bxd7 Bxd7 17. Qxe5 Qxe5 18. Rxe5 Bc6
19. Kd2 {1/2-1/2 Balashov,Y-Kruppa,Y/Elista 2000/CBM 79 (19)}) 11... e5 12. Kb1
Re8 {[%csl Re8]} (12... Qc7 13. Qe4 g6 14. h5 {[%csl Rg8][%cal Ge4h4]} Nc5 15.
Qh4 Bxg5 16. Nxg5 Nxd3 17. hxg6 $1 fxg6 18. Nxh7 $18) 13. Rhe1 g6 $6 {Not the
best reaction even though also after} (13... Nc5 {black's efensive task
wouldn't be very simple.}) 14. Bc4 $1 {[%cal Gd1d4] Threatening to take on d4.}
Qe7 (14... e4 15. Bd5 $5 (15. Rxd4 $6 Qb6 $1 16. Qe3 (16. Bxf6 Nxf6 {[%csl Rd4]
} 17. Ng5 Qxd4 18. Bxf7+ Kg7 19. Bxe8 Nxe8 20. Nxe4 Bf5 $17) 16... Bxd4 17.
Nxd4 Ne5 18. Bb3 $44) (15. Nxd4 $5 Bxg5 16. hxg5 Qxg5 17. Nb5 Ne5 {[%cal Gc8g4]
} 18. Nc7 Bg4 19. Qxe4 $14) 15... Nb6 16. Bxe4 Bg4 17. Qd3 Bxg5 18. hxg5 Bxf3
19. Bxf3 Rxe1 20. Rxe1 Qxg5 21. Qxd4 $14) 15. Bxf6 Qxf6 (15... Nxf6 16. Ng5 Rf8
17. Qxe5 $18) 16. Rxd4 Nb6 17. Bb3 Bd7 18. Nxe5 $1 {Well calculated exchange
combination.} Rxe5 $8 19. Qxe5 Re8 {[%csl Re1]} 20. Qxe8+ $1 (20. Bxf7+ $2 Qxf7
21. Qa5 Qxf2 $15) 20... Bxe8 21. Rxe8+ Kg7 22. Red8 {[%csl Rb6]} Qxf2 23. a4 $1
$18 Qxg2 (23... a5 24. Ka2 Qxg2 25. Rf4 f5 26. Rxf5 $1 $18) 24. a5 Nc8 25. R4d7
(25. Rxc8 $2 Qg1+ 26. Ka2 Qxd4 $17) 25... Qg1+ 26. Ka2 Qc5 27. Rxf7+ Kh6 28.
Rd5 Qb4 29. c3 Qxh4 30. Rdd7 {[%csl Rh7]} Qe4 31. Rxh7+ Kg5 32. Rd5+ Kf6 33.
Rf7+ $1 1-0

[Event "Bundesliga 0304"]
[Site "Germany"]
[Date "2004.03.08"]
[Round "11.4"]
[White "Tischbierek, Raj"]
[Black "Sadler, Matthew D"]
[Result "0-1"]
[WhiteElo "2519"]
[BlackElo "2626"]
[Annotator "Finkel,A"]
[PlyCount "72"]
[EventDate "2003.11.01"]
[EventType "team-tourn"]
[EventRounds "15"]
[EventCountry "GER"]
[SourceTitle "CBM 100"]
[Source "ChessBase"]
[SourceDate "2004.06.01"]
[SourceVersion "1"]
[SourceVersionDate "2004.06.01"]
[SourceQuality "1"]
[WhiteTeam "Kreuzberg"]
[BlackTeam "Solingen"]
[WhiteTeamCountry "GER"]
[BlackTeamCountry "GER"]

1. e4 e6 2. d4 d5 3. Nc3 Nf6 4. Bg5 dxe4 5. Nxe4 Be7 6. Bxf6 Bxf6 7. Nf3 Nd7 8.
Bc4 O-O 9. Qe2 a6 (9... Be7) 10. O-O-O b5 11. Bb3 Bb7 12. Ne5 $6 {A dubious
continuation causing white nothing, but troubles.} (12. d5 exd5 (12... e5 $6
13. Rhe1 Be7 14. d6 cxd6 15. Nxd6 Bxd6 16. Rxd6 $16 {Kindermann,S-Roth,P/
Vienna 1996}) 13. Bxd5 c6 14. Bb3 Qc7 15. Rhe1 (15. Nd6 $6 Nc5 16. Rd2 a5 17.
Qe3 Nxb3+ 18. cxb3 Rad8 19. Rhd1 Bc8 20. Nxc8 Qxc8 21. Rxd8 {1/2-1/2 Anand,
V-Radjabov,T/Dubai 2002/CBM 89 (21)}) (15. Kb1 a5 $6 16. Qd3 $1 Rad8 17. Neg5
Bxg5 18. Nxg5 Nf6 19. Bxf7+ $16 {Veresov,G-Gromek,J/Soviet Union 1955}) 15...
Be7 16. Neg5 Bxg5+ 17. Nxg5 Nf6 18. Qe7 Qf4+ 19. Qe3 Qxe3+ 20. Rxe3 $16 {
Lutz,C-Dizdar,G/Austria 2002}) 12... Bxe5 $1 13. dxe5 Qe7 14. f4 (14. Nd2 a5
15. Qxb5 Rfb8 16. Qe2 a4 17. Bc4 Bxg2 18. Rhg1 Qb4 $19) 14... Bxe4 15. Qxe4 Nc5
$15 {Black has a very easy play on the queenside, meanwhile white's attempts
to create something on the kingside prove to be far too slow.} 16. Qe3 (16. Qc6
a5 (16... Rab8 $5 17. Rhf1 a5 18. f5 Nxb3+ 19. cxb3 Qg5+ 20. Kb1 exf5 $15) 17.
Qxb5 Rfb8 18. Qe2 Nxb3+ 19. cxb3 a4 20. bxa4 Rxa4 21. Kb1 Rba8 22. a3 Rxf4 $15)
16... a5 17. c3 $2 (17. a3 Rab8 18. Rd4 $15) 17... Nxb3+ 18. axb3 a4 19. b4 a3
20. Kb1 Rfc8 21. Rd3 $6 (21. Qc5 $5 Qh4 22. g3 Qh5 23. Rd2 Qf3 24. Rhd1 axb2
25. Kxb2 Qb7 26. Qg1 $15) 21... c5 $17 22. Qd2 (22. Rhd1 cxb4 23. cxb4 Qxb4 24.
Qd4 Qf8 25. Qd6) 22... cxb4 23. cxb4 axb2 24. Rd7 Qf8 25. Kxb2 Ra4 $19 {
White king is just too exposed, so black's attack can't be stoppped.} 26. Rd6
Rca8 27. Qc3 Ra2+ 28. Kb1 Rxg2 29. Rhd1 g6 30. R1d2 (30. h4 Kg7 31. h5 Raa2 $19
{[%cal Gf8a8,Ga8e4,Ga8a4]}) 30... Rxd2 31. Qxd2 Qb8 32. Qd4 Qc7 33. Rd7 Qc6 34.
Rd8+ Kg7 35. Rxa8 Qxa8 36. Qd2 Qa3 0-1

[Event "Sarajevo Bosnia 30th"]
[Site "Sarajevo"]
[Date "2000.05.19"]
[Round "3"]
[White "Shirov, Alexei"]
[Black "Topalov, Veselin"]
[Result "1-0"]
[WhiteElo "2751"]
[BlackElo "2702"]
[Annotator "Finkel,A"]
[PlyCount "53"]
[EventDate "2000.05.17"]
[EventType "tourn"]
[EventRounds "11"]
[EventCountry "BIH"]
[EventCategory "19"]
[SourceTitle "CBM 077"]
[Source "ChessBase"]
[SourceDate "2000.07.27"]
[SourceVersion "1"]
[SourceVersionDate "2000.07.27"]
[SourceQuality "1"]

{[%mdl 192]} 1. e4 {Ftacnik} e6 2. d4 d5 3. Nc3 Nf6 4. Bg5 dxe4 5. Nxe4 Be7 6.
Bxf6 gxf6 7. Nf3 a6 (7... Nd7 8. Qd2 $6 f5 9. Ng3 h5 $5 10. h4 Bd6 11. Rh3 c6
12. Ng5 Nf6 13. Bc4 Nd5 $15 {Euwe,M-Balla,Z/Bad Pistyan 1922/1/2-1/2 (50)}) (
7... c6 $6 8. Qd2 f5 9. Ng3 b6 10. Bc4 Nd7 11. O-O-O Bb7 12. Rhe1 Nf6 13. Kb1
Qc7 14. Ne5 $16 {Kozma,J-Fichtl,J/CSR-ch Prague 1953 (37)}) (7... Qd5 $6 8. Bd3
Nd7 9. O-O Nf8 10. c4 Qh5 11. Qd2 Rg8 12. Ng3 Qg4 13. Rfe1 Bd7 14. Be4 $36 {
Aronson,L-Khanov,K/URS-ch sf 1957/1-0 (49)}) 8. c4 {This move deserves very
serious attention.} (8. Bd3 b5 (8... Nd7 9. Qe2 c5 (9... f5 10. Ng3 Nf6 11.
O-O-O Qd5 12. Kb1 f4 13. Ne4 Nxe4 14. Bxe4 Qd6 15. Ne5 $14 {Toth,A-Dobos,J/
Szekszard op 1995}) 10. dxc5 Qa5+ 11. Qd2 Qxd2+ 12. Nfxd2 Nxc5 13. Nxc5 Bxc5
$11 {Cohn,E-Swiderski,R/Wien 1908}) 9. Qe2 Bb7 10. O-O-O Bd5 11. Kb1 c6 12. Nc3
Nd7 13. Rhe1 Qa5 14. Nxd5 cxd5 15. Nh4 Nb6 $13 {Stjazhkina,O-Grabuzova,T/49th
ch-RUS (women) 1999}) (8. g3 b5 9. Bg2 Bb7 10. Qe2 Bd5 11. Nc3 c6 12. Nxd5 (12.
O-O-O Nd7 13. Kb1 Nb6 14. Rhe1 Qc7 15. Nh4 h5 16. f4 f5 17. Nf3 O-O-O 18. Ne5
$14 {Leko,P-Morozevich,A/Frankfurt-West Masters 1999}) 12... cxd5 13. c3 Nc6
14. a4 O-O 15. O-O Qb6 16. b4 Rfc8 17. Rfd1 $14 {Lutz,C-Morozevich,A/
Frankfurt-West Masters 1999}) (8. Qd2 b5 9. Qh6 $6 Bb7 10. Bd3 Nd7 11. Ng3 f5
12. Nh5 Bf8 13. Qe3 Nf6 $15 {Sutovskij,E-Morozevich,A/Torneo de Pamplona 9th
1998}) 8... f5 9. Nc3 Bf6 (9... c5 10. d5 Bf6 11. Qc2 e5 12. O-O-O O-O 13. Nd2
Bg7 14. f3 {[%cal Gf1d3]} ({It was possible to play} 14. Bd3 $5 {Finkel,A} e4
15. Be2 b5 16. g4 fxg4 17. Ndxe4 Bf5 18. f3 gxf3 19. Bxf3 Nd7 20. Rhg1 $14 {
with better prospects.}) 14... Qf6 15. Bd3 b5 $132 {Wang Zili-Dreev,A/Tan Chin
Nam Cup 5th 1999}) 10. Qd2 c5 11. d5 O-O 12. O-O-O e5 (12... exd5 $6 {Ftacnik}
13. Nxd5 $16) 13. h4 $5 {[%cal Gf3g5] A new attitude to the position! In the
following game we see Shirov at his best: original ideas, fantastic
determination, accurate calculations... Ftacnik: 'An excellent move preparing
a kingside attack and securing the g5 square for white pieces.'} b5 (13... e4
14. Ng5 b5 (14... Qd6 {Ftacnik} 15. f3 $16) 15. f3 $5 (15. d6 $5 Bd4 $5 16. Qf4
$2 Qf6 17. Rh3 $1 Be5 (17... Rd8 $2 18. Rg3 Kh8 19. Rxd4 cxd4 20. Nxf7+ $18)
18. Qd2 $14)) 14. d6 {'!' Ftacnik.} (14. Qh6 {Ftacnik} Bg7 15. Qh5 Qd6 $14) (
14. cxb5 $5 {Ftacnik} axb5 15. Bxb5 e4 16. Ng5 Qd6 17. Bc4 $14) 14... Nc6 $2 (
14... Nd7 {Ftacnik} 15. Nd5 $16) (14... Bb7 {Ftacnik} 15. Qh6 Bg7 16. Qh5 Qd7
17. cxb5 $16) 15. d7 $1 {Cutting black position on two halfs and penetrating
via d6 and d5.} Bb7 (15... e4 {Ftacnik} 16. dxc8=Q Qxd2+ 17. Rxd2 Rfxc8 18. Nd5
$18) 16. Qd6 $1 {Ftacnik: 'Shirov strives to prove, that there is lot of
potential in passed d pawn. Black has two unconnected halves of the board and
his queen fullfils the sorry task of blockading d7 pawn.'} e4 (16... Be7 17.
Qh6 {[%cal Gf3g5]} f6 18. Rh3 (18. cxb5 $5 {[%cal Gf1c4]} axb5 19. Bxb5 Nd4 20.
Rh3 $40) 18... Rf7 19. Rg3+ Kh8 20. Qh5 Rf8 21. Qxf5 $18) (16... Qe7 17. Qc7 $1
{[%csl Rb7]} Rab8 18. Nd5 Qd8 19. Qd6 Bg7 20. Rh3 $36) 17. Nd5 $1 Bg7 (17...
Bxb2+ {Ftacnik} 18. Kxb2 exf3 19. gxf3 bxc4 20. Bxc4 $18) 18. Ng5 Nd4 $6 (18...
h6 {Ftacnik} 19. cxb5 axb5 20. Bxb5 Nd4 21. Ne7+ Kh8 22. Qg6 $3 fxg6 23. Nxg6+
Kg8 24. Bc4+ $18) 19. Ne7+ $1 {Every move of white deserves an exclamation
mark because of the depth of Shirov's plan.} Kh8 20. Rh3 $1 (20. b4 {Ftacnik}
f6 21. Ne6 (21. bxc5 Qa5 22. Qxd4 (22. Nf7+ Rxf7 23. Rxd4 Bh6+ 24. Kb2 (24. Kd1
Qa4+ 25. Ke1 Qa5+ $11) 24... Qb4+ $11) 22... fxg5 23. Qd2 Bc3 $16) 21... Nxe6
22. Qxe6 $16) 20... f4 (20... h6 {Ftacnik} 21. b4 f6 22. Ne6 Nxe6 23. Qxe6 $18)
(20... Qa5 {Ftacnik} 21. Qxc5 Qxa2 22. Rxd4 Qa1+ 23. Kc2 Qxf1 24. Qxf5 $18) 21.
Kb1 b4 (21... f6 {Ftacnik} 22. Ne6 Nxe6 23. Qxe6 Rb8 24. Nf5 $18) (21... h6 {
Ftacnik} 22. b4 e3 23. bxc5 e2 24. Bxe2 Nxe2 25. c6 $18) 22. Be2 $1 $18 {
[%csl Rf7][%cal Ge2h5] Threatening to come to h5. '!' Ftacnik. Ftacnik:
'Beautifull trick of calling in last reserves via the square, that seemed to
have been unaccesible. Topalov's king on h8 has very feeble defense.'} f3 (
22... Nxe2 23. Qxc5 {[%csl Rh7][%cal Gc5f5]} Nd4 (23... f5 24. Ne6 Qb8 25. Nxg7
Nc3+ 26. Ka1 Kxg7 (26... Nxd1 27. Ne8 $18) 27. Nxf5+ Rxf5 28. Qe7+ $18) 24.
Rxd4 Bxd4 25. Qf5 Kg7 26. Ng8 $3 $18) (22... e3 {Ftacnik} 23. Bh5 f6 24. Ne6
Nxe6 25. Qxe6 exf2 26. Bf3 Rb8 27. Bxb7 Rxb7 28. Rf3 $18) (22... h6 {Ftacnik}
23. Bh5 hxg5 24. hxg5 $18) 23. gxf3 Nxe2 24. Qxc5 {[%csl Rh7,Rh8][%cal Gc5f5]}
Nf4 25. Qf5 Ng6 26. h5 $1 Qxe7 27. hxg6 (27. hxg6 Qf6 (27... h6 28. gxf7 $18 {
[%csl Rh7]}) 28. Rxh7+ Kg8 29. gxf7+ Rxf7 30. d8=Q+ Rxd8 31. Rxd8+ Qxd8 32.
Qxf7#) 1-0

[Event "NED-ch55"]
[Site "Rotterdam"]
[Date "2000.05.12"]
[Round "5"]
[White "Van der Wiel, John"]
[Black "Van der Sterren, Paul"]
[Result "1-0"]
[WhiteElo "2558"]
[BlackElo "2526"]
[Annotator "Finkel,A"]
[PlyCount "103"]
[EventDate "2000.05.07"]
[EventType "tourn"]
[EventRounds "11"]
[EventCountry "NED"]
[EventCategory "12"]
[SourceTitle "CBM 077"]
[Source "ChessBase"]
[SourceDate "2000.07.27"]
[SourceVersion "1"]
[SourceVersionDate "2000.07.27"]
[SourceQuality "1"]

1. e4 e6 2. d4 d5 3. Nc3 dxe4 4. Nxe4 Nd7 5. Nf3 Ngf6 6. Nxf6+ Nxf6 7. Bg5 c5
8. Bb5+ {With this move white hardly may hope for an advantage.} (8. Bc4 cxd4
9. O-O Be7 10. Nxd4 O-O 11. Re1 Nd5 12. Bxe7 Nxe7 13. Qd3 Bd7 14. Rad1 $14 {
King,D-Motwani,P/London WFW 1990}) (8. Bxf6 gxf6 9. Bb5+ Bd7 10. Bxd7+ Qxd7 11.
Qe2 cxd4 12. O-O-O Bc5 13. Nxd4 O-O-O 14. Nb3 Qc6 15. f4 $5 (15. Nxc5 $14)
15... Bb6 16. g3 Rxd1+ 17. Rxd1 Rd8 $11 {Short,N-Kortschnoj,V/Rotterdam 1990})
(8. c3 cxd4 (8... a6 $5 9. Bd3 cxd4 10. Nxd4 Be7 11. O-O Qc7 12. Re1 Bd7 13.
Qe2 Nd5 14. Bxe7 Nxe7 15. Rad1 $14 {Fedorov Vladislav-Kozlov/Ch Russia /2
final), Kazan (Russia) 1995/0-1 (45)}) 9. Qxd4 $5 {Interesting decision.White
goes straight to the endgame,where his chances are a little better.Also after
more natural 8.N:d4 white hardly can hope to get something special from the
opening.} (9. Nxd4 Be7 10. Bc4 O-O 11. O-O e5 $5 12. Nc2 Qc7 13. Ne3 h6 14. Bh4
Ne4 15. Bxe7 Qxe7 16. Qe2 $14 {Mitenkov,A-Dokuchaev,A/Moscow6 1991 (22)}) (9.
Qa4+ $5 Bd7 10. Qxd4 Bc6 11. O-O-O Be7 12. Qe5 $1 Qc8 13. Nd4 $14 {Becerra
Rivero Julio-Nogueiras Jesus/Memorial J.Capablanca (cat.11), Matanza 1995 (18)}
) 9... Qxd4 10. Nxd4 Be7 11. Rd1 $14 a6 (11... Bd7 $5 12. Nb5 $5 Nd5 13. Bxe7
Kxe7 14. c4 Nf4 15. Nd4 Rhd8 16. g3 Ng6 17. Bg2 Rac8 18. b3 e5 $11) 12. Be2 h6
13. Bf4 Bd7 14. Bf3 O-O-O 15. O-O g5 $132 {Van der Wiel,J-Kacheishvili,G/
EU-chTM 1997}) (8. Qe2 Qa5+ 9. Bd2 Qb6 10. O-O-O cxd4 11. Bg5 Bd7 12. Ne5 Be7
$13 {Christiansen,L-Andersson,U/Biel 1991}) (8. dxc5 Qa5+ 9. c3 Qxc5 10. Bd3
Bd7 11. O-O Bd6 12. Qe2 Bc6 13. Bxf6 gxf6 14. Nd4 O-O-O $132 {Van der Wiel,
J-Kortschnoj,V/OHRA-A 1990}) 8... Bd7 9. Bxd7+ Qxd7 10. Qe2 Be7 ({Worse is} 
10... cxd4 $6 11. O-O-O Bc5 12. Qe5 $1 Qe7 13. Nxd4 $14 {and white is in full
control of the situation.}) 11. O-O-O O-O 12. Rhe1 ({Nothing changes} 12. dxc5
Qc7 13. Ne5 Qxc5 14. Bxf6 Bxf6 15. Nd7 Qg5+ 16. Kb1 Rfd8 $11 {and black is
o'kay.}) 12... Qa4 $5 13. Kb1 Rfd8 14. dxc5 Bxc5 15. Rxd8+ Rxd8 16. Ne5 (16.
Bxf6 $6 gxf6 17. h3 Qa6 $5 $11) 16... Be7 17. f3 ({Not falling into the trap:} 
17. Nxf7 $6 Kxf7 18. Qxe6+ Kg6 19. Qxe7 Re8 {[%cal Ge8e1]} 20. Bxf6 Rxe7 21.
Bxe7 Qd4 $1 $15 {and black is better}) 17... h6 18. Bc1 Nd5 (18... Nd7 $2 19.
Nxf7 $18) 19. c4 Nb4 20. b3 Qa6 (20... Qa5 $5) 21. a3 Nc6 22. Nxc6 Qxc6 (22...
bxc6 23. Ka2 (23. Rd1 Rxd1 24. Qxd1 Bxa3 $17) 23... Bf6 24. Rd1 Qc8 $11) 23.
Rd1 Rxd1 24. Qxd1 $11 {The arising endgame is completly equal and it's very
hard to believe that after 10 moves black will find himself in lost position!}
Qc5 25. Qe2 Bf6 26. h3 a5 (26... a6) 27. Qe3 Qd6 28. Qd2 Qb6 29. Qe3 Bd4 (29...
Qd6 $11) 30. Qd3 e5 $6 {[%csl Rd5,Rf5]} 31. Kc2 h5 $6 32. g4 hxg4 33. hxg4 g6
34. Qe4 Kg7 35. Qd5 $14 f5 $2 {Giving up the pawn without any reason!} (35...
g5 36. Bd2 {[%csl Ra5]} Qg6+ 37. Qe4 b6 38. Kd3 $14) 36. Qd7+ $1 Kg8 37. Qe8+
Kg7 38. Qd7+ Kg8 39. gxf5 gxf5 40. Qxf5 $16 Qc6 41. a4 (41. Kd3 Qb6) 41... b6
42. Bg5 Kg7 43. Be7 Qg6 44. Bf8+ (44. Qxg6+ Kxg6 45. Kd3 Kf5 46. Bf8 Kf4 (46...
Bg1) 47. Ke2 e4 48. Bh6+ Kf5 49. Be3 Bc5 $11) 44... Kh7 45. Qd3 $1 Bg1 46. Bd6
Bd4 47. c5 $1 $18 {[%csl Ra5] Nice way to finish the game.} bxc5 (47... Bxc5
48. Qxg6+ Kxg6 49. Bxe5 Kf5 50. Bg3 Ke6 51. Kd3 Kd5 52. Bc7 Bf2 53. f4 $18 {
[%csl Ra5,Rb6][%cal Gf4f7,Gd3b5]}) 48. Bc7 Kg7 49. Qxg6+ Kxg6 50. Bxa5 Kf5 51.
Bc3 Kf4 52. a5 1-0

[Event "Sarajevo Bosnia 30th"]
[Site "Sarajevo"]
[Date "2000.05.19"]
[Round "3"]
[White "Kasparov, Garry"]
[Black "Gurevich, Mikhail"]
[Result "1-0"]
[WhiteElo "2851"]
[BlackElo "2694"]
[Annotator "Finkel,A"]
[PlyCount "105"]
[EventDate "2000.05.17"]
[EventType "tourn"]
[EventRounds "11"]
[EventCountry "BIH"]
[EventCategory "19"]
[SourceTitle "CBM 077"]
[Source "ChessBase"]
[SourceDate "2000.07.27"]
[SourceVersion "1"]
[SourceVersionDate "2000.07.27"]
[SourceQuality "1"]

1. e4 e6 2. d4 d5 3. Nc3 Nf6 4. Bg5 dxe4 5. Nxe4 Be7 6. Bxf6 gxf6 7. Nf3 a6 $5
{Thanks to the efforts of A.Morozevich this variation became very popular (and
as we can see from the following game also on the highest lavel).} (7... Nd7 $5
8. Bd3 c5 9. O-O O-O 10. Qd2 f5 11. Nxc5 Nxc5 12. dxc5 Bf6 $5 $44 {Rogers,
I-Short,N/Novi Sad olm 1990}) (7... Qd5 8. Bd3 Bd7 9. O-O Nc6 10. c4 Qh5 11.
Ng3 Qg4 12. d5 $14 {Lendwai,R-Fauland,A/Graz 1991}) 8. g3 (8. Qd2 f5 9. Nc3 b5
10. O-O-O {1/2-1/2 Watson,W-Anand,V/Palma de Mallorca GMA 1989}) (8. Bd3 Nd7 9.
Qe2 c5 10. dxc5 Qa5+ 11. Qd2 Qxd2+ 12. Nfxd2 Nxc5 13. Nxc5 Bxc5 $11 {Cohn,
E-Swiderski,R/Wien 1908}) 8... b5 9. Bg2 Bb7 10. Qe2 Nd7 {After} (10... Bd5 11.
Nc3 c6 (11... Bb4 $5 12. Qe3 c6 13. O-O-O Bxc3 14. Qxc3 Nd7 15. Rhe1 Qb6 $14)
12. O-O-O Nd7 13. Kb1 Nb6 (13... Bc4 14. Qe3 b4 15. Ne2 Nb6 16. Nd2 Nd5 17. Qf3
Bb5 18. Rhe1 $14) 14. Rhe1 $14 {white has got better chanse in Leko,
P-Morozevich,A/Frankfurt-West Masters 1999}) 11. O-O O-O 12. Rfd1 $5 {This
move is the novelty.J.Polgar didn't manage to find correct plan and got
nothing from the opening.} (12. Rad1 $6 Bd5 13. Rfe1 Kh8 14. Nfd2 (14. a3 c6
15. Nc3 f5 16. Ne5 Nxe5 17. dxe5 $14 {[%cal Ge2e3,Gc3e2,Ge2f4]}) 14... c6 15.
c4 bxc4 16. Nxc4 a5 $5 $132 {Polgar,J-Morozevich,A/Corus 2000}) 12... Bd5 13.
c3 f5 14. Ned2 c5 (14... Nf6 15. b3 (15. a4 $5 Rb8 16. axb5 axb5 17. Ne5 Bxg2
18. Kxg2 Qd5+ 19. Qf3 Ra8 $11) 15... c5 16. c4 bxc4 17. bxc4 Bb7 18. Nb3 $14)
15. dxc5 Nxc5 16. Nf1 {[%cal Gf1e3,Gd1d8]} Qc7 ({Another option was} 16... Bd6
$5 17. Rxd5 (17. Ne3 Be4) 17... exd5 18. Ne3 Re8 19. Nd4 f4 20. Qg4+ Kh8 $13 {
with unclear position.}) 17. Rxd5 $5 {The only way to fight for the advantage.}
exd5 18. Ne3 $44 {[%csl Rd5,Rf5][%cal Gf3d4]} Bf6 (18... Rad8 $6 19. Nd4 Rfe8
20. Ndxf5 Qe5 21. Qg4+ Kh8 22. f4 $18 {[%csl Rg7]}) 19. Nd4 Bxd4 20. cxd4 Ne4
21. Nxd5 Qd6 22. Ne3 Qf6 (22... Qg6 {[%csl Gh5]} 23. Qf3 (23. Nxf5 Qxf5 24.
Bxe4 Rae8 25. Re1 Qf6 $13) (23. Re1 $5) 23... Nd6 $5 $132) 23. Qh5 Rad8 (23...
Qxd4 $5 24. Nxf5 (24. Rd1 Qf6 25. Nxf5 Rae8 $13) (24. Qxf5 Rae8 25. Rd1 Qe5 26.
Qxe5 Rxe5 27. Ng4 Rg5 28. Nh6+ Kg7 29. Bxe4 Kxh6 30. Rd6+ Kg7 31. Rxa6 $11)
24... Qxf2+ 25. Kh1 Qxb2 26. Rf1 $36 {[%csl Rg8][%cal Gg2a8]}) 24. Nxf5 Nd6 25.
Ne3 $5 Qxd4 26. Rd1 Qg7 {Black manages to hold the position after this move,
but deserved attention} (26... Qxb2 $5) 27. Rd5 Kh8 28. Qd1 Nb7 29. b4 $1 {
[%csl Rb7]} Rxd5 $5 30. Qxd5 Nd8 31. Qd6 Ne6 32. Qxa6 Nd4 33. h4 f5 34. Nd5
Ne2+ (34... Qe5 $5) 35. Kf1 f4 $1 {Taking advantage of the fact that white
queen is on a6!} 36. Kxe2 fxg3 {[%csl Ra6,Re2]} 37. Qd6 $5 Qb2+ (37... Rxf2+
38. Kd3 Rxg2 39. Qd8+ Qg8 $11) 38. Kd3 Rxf2 $2 {Black wants too much.It was
stil possible to force adraw after} (38... Qb1+ $5 39. Kd4 Qb2+ 40. Kc5 Qxf2+
41. Kxb5 Qe2+ 42. Kb6 (42. Kc5 Qf2+ 43. Kc6 Qc2+ $11 44. Kb7 Rf7+ 45. Kb8 Qxg2
$11) 42... Qf2+ 43. Kc6 Qc2+ $11) 39. Qb8+ Kg7 40. Qxg3+ Kh8 41. Qb8+ Kg7 42.
Qc7+ Kf8 43. Qe7+ Kg8 44. Qg5+ Kh8 45. Be4 $1 $18 {[%csl Gd2] This strong move
destroys black's hopes.} Qc2+ 46. Kd4 Qd2+ 47. Kc5 Qxg5 48. hxg5 Rxa2 49. Kxb5
Re2 50. Nc3 Re3 51. Kc4 Rg3 52. b5 Rxg5 53. b6 1-0